Los derechos físicos de la personalidad (Record no. 56317)

MARC details
000 -LEADER
campo de control de longitud fija 00743nam a2200241 i 4500
001 - NÚMERO DE CONTROL
campo de control 56317
003 - IDENTIFICADOR DE NÚMERO DE CONTROL
campo de control ES-MaACL
005 - FECHA Y HORA DE LA ÚLTIMA TRANSACCIÓN
campo de control 20250809042341.0
007 - CAMPO FIJO DE DESCRIPCIÓN FÍSICA--INFORMACIÓN GENERAL
campo de control de longitud fija t|
008 - DATOS DE LONGITUD FIJA--INFORMACIÓN GENERAL
campo de control de longitud fija 031007s1963 sp ||||1| spa d
080 ## - NÚMERO DE LA CLASIFICACIÓN DECIMAL UNIVERSAL
Número de la Clasificación Decimal Universal 347.151(02)
100 1# - ENTRADA PRINCIPAL--NOMBRE DE PERSONA
Nombre de persona Díez Díaz, Joaquín.
9 (RLIN) 44720
245 14 - MENCIÓN DEL TÍTULO
Título Los derechos físicos de la personalidad
Resto del título : derecho somático /
Mención de responsabilidad, etc. Joaquín Díez Díaz.
260 ## - PUBLICACIÓN, DISTRIBUCIÓN, ETC.
Lugar de publicación, distribución, etc. [Madrid] :
Nombre del editor, distribuidor, etc. Santillana,
Fecha de publicación, distribución, etc. [1963] (
Fabricante E. Sánchez Leal)
300 ## - DESCRIPCIÓN FÍSICA
Extensión 403 p. ;
Dimensiones 23 cm.
490 1# - MENCIÓN DE SERIE
Mención de serie La toga
650 #7 - PUNTO DE ACCESO ADICIONAL DE MATERIA--TÉRMINO DE MATERIA
Término de materia o nombre geográfico como elemento de entrada Derechos de la personalidad
Fuente del encabezamiento o término embne
9 (RLIN) 173597
650 #4 - PUNTO DE ACCESO ADICIONAL DE MATERIA--TÉRMINO DE MATERIA
Término de materia o nombre geográfico como elemento de entrada Delitos contra la persona.
9 (RLIN) 166495
830 1# - PUNTO DE ACCESO ADICIONAL DE SERIE-TÍTULO UNIFORME
Título uniforme La toga
9 (RLIN) 182851
852 4# - LOCALIZACIÓN
Ubicación ES-MaACL
Número de control de estantería C-23860
852 4# - LOCALIZACIÓN
Ubicación ES-MaACL
Número de control de estantería C-26172
Holdings
Estatus retirado Estado de pérdida Estado de daño No para préstamo Biblioteca de origen Biblioteca actual Ubicación en estantería Fecha de adquisición Fuente de adquisición Total de préstamos Signatura topográfica completa Código de barras Visto por última vez Precio de reemplazo Tipo de ítem Koha
        Biblioteca del Ateneo de Madrid Biblioteca del Ateneo de Madrid Depósito 2 17/01/2008     C-26172 1059152 23/02/2023 23/02/2023 Libro impreso
        Biblioteca del Ateneo de Madrid Biblioteca del Ateneo de Madrid Depósito 2 17/01/2008     C-23860 1059151 23/02/2023 23/02/2023 Libro impreso